| 000 | 02100 a2200313 4500 | ||
|---|---|---|---|
| 001 | 216217987 | ||
| 003 | UA-OsUOA | ||
| 005 | 20200514162334.0 | ||
| 008 | 191107b un ||||| |||| 00| 0 ukr d | ||
| 020 | _a9788089755189 | ||
| 040 |
_aUA-OsUOA _bukr _cUA-OsUOA _dUA-OsUOA |
||
| 041 | _aukr | ||
| 080 | _a94(477).155 | ||
| 090 |
_a94(477).155 _bС64 |
||
| 100 | _aСополига М. | ||
| 110 | _aСловацький національний музей; Музей української культури у Свиднику | ||
| 245 |
_aНародна архітектура українців Словаччини _cМ. Сополига |
||
| 260 |
_c2016 _aСвидник |
||
| 300 | _a352 с. | ||
| 520 | _aУ книзі на ґрунтовній джерельній базі, зокрема матеріалах з польових досліджень автора, вперше подається аналітично-синтетичне опрацювання проблематики народного будівництва українців Словаччини - основні типи і форми традиційних сільських поселень, житлових, господарських, технічно-промислових, громадських, сакральних та інших споруд в аспекті природно-кліматичних, соціально-економічних, культурно-етнічних факторів їх формування. | ||
| 590 | _aМістить автограф автора. | ||
| 591 | _bСополига М. | ||
| 650 |
_a94(477).155 Українці в Східній та Південно-Східній Європі _2UDC |
||
| 700 | 1 | _aСополига М. | |
| 710 | 1 | _aСловацький національний музей; Музей української культури у Свиднику | |
| 942 |
_cBK _2udc |
||
| 955 | _a1 | ||
| 999 |
_c442734 _d442734 |
||